Les prophetes d'Israël et les débuts du judaïsme
Сохранить в:
| Главный автор: | |
|---|---|
| Формат: | |
| Язык: | французский |
| Опубликовано: |
París
Albin Michel
1950
|
| Серии: | L' Evolution de l' humanite
|
| Предметы: | |
| Метки: |
Добавить метку
Нет меток, Требуется 1-ая метка записи!
|
MARC
| LEADER | 00000nam a2200000 a 4500 | ||
|---|---|---|---|
| 001 | UCP1876 | ||
| 003 | CL-VaPUC | ||
| 008 | 990426e19500000FR |||||||||||||||||fre|d | ||
| 082 | 0 | 4 | |a 224 |b LOD |2 21 |
| 100 | |a Lods, Adolphe |e autor |9 438984 | ||
| 245 | 1 | 4 | |a Les prophetes d'Israël et les débuts du judaïsme |
| 300 | |a 440 p | ||
| 942 | |c BK | ||
| 945 | |d 19990426 00:00:00 |a lriquelm | ||
| 260 | |a París |b Albin Michel |c 1950 | ||
| 650 | 0 | |a Profetas |9 314377 | |
| 650 | 0 | |a Judaísmo |9 269348 | |
| 650 | 0 | |a Historia |9 255047 | |
| 651 | 0 | |a Israel |9 314378 | |
| 583 | |a last modification |c 19990426 00:00:00 |k Rodrigo Vera | ||
| 490 | 0 | |a L' Evolution de l' humanite | |
| 999 | |c 280507 |d 280505 | ||
| 952 | |0 0 |1 0 |4 0 |6 224_000000000000000_LOD_1950 |7 0 |8 A |9 320841 |a BIBHIS |b BIBHIS |d 2019-11-20 |i 1338889 |o 224 LOD 1950 |p 1338889 |r 2025-01-20 |w 2019-11-20 |y BK |k HIS | ||